| 000 | 00517nam a2200157 a 4500 | ||
|---|---|---|---|
| 001 | 000035219 | ||
| 005 | 20200930074202.0 | ||
| 008 | 111026s1958 enka 000 0 spa d | ||
| 040 |
_aDO-SdBNP _bspa _cBNPHU |
||
| 082 |
_axxx _bT337b |
||
| 100 | 1 |
_aTesio, Federico _960970 |
|
| 245 | 1 | 0 |
_aBreeding the racehorse / _cFederico Tesio ; edited and translated Edward Spinola. |
| 260 |
_aLondon, England : _bJ.A. Allen & Company, _c1958. |
||
| 300 |
_axv, 130 p. : _bil. ; _c22 cm. |
||
| 700 | 1 |
_aSpinola, Edward, _eed. _etr. _960971 |
|
| 999 |
_c34710 _d34710 |
||